000 01027nam a2200313 a 4500
001 77297
003 BD-RjUL
005 20211209082945.0
008 200311s2003 njua b 001 0 eng d
020 _a0130462152
035 _a(BD-RjUL)7522
040 _aDLC
_cDLC
_dDLC
_dBD-RjUL
_beng
041 _aeng
042 _apcc
082 0 0 _a658.45
_221
_bMUG 2003
100 1 _aMunter, Mary.
_9240750
245 1 0 _aGuide to managerial communication :
_beffective business writing and speaking /
_cby Mary Munter.
246 3 0 _aManagerial communication
250 _a6th ed.
260 _aUpper Saddle River, N.J. :
_bPrentice Hall,
_c2003.
300 _aix, 198 p. :
_bill. ;
_c21 cm.
504 _aIncludes bibliographical references (p. 185-188) and index.
650 0 _aBusiness communication.
_9240752
650 0 _aCommunication in management.
_9240753
942 _2ddc
_cBK
999 _c77297
_d77297